20 largest cities in North America - Statistics

General Stats
  • This quiz has been taken 41 times
  • The average score is 16 of 20
Answer Stats
Hint Answer % Correct
Usa Los Angeles
100%
Mexico Mexico City
100%
Usa New York
100%
Usa Houston
97%
Canada Toronto
97%
Usa Chicago
95%
Cuba Havana
95%
Canada Montreal
92%
Canada Vancouver
92%
Usa Philadelphia
85%
Canada Edmonton
79%
Mexico Guadalajara
77%
Guatemala Guatemala City
77%
Dominican Republic Santo Domingo
74%
Usa Phoenix
72%
Canada Ottawa
64%
Mexico Monterrey
59%
Puerto Rico San Juan
59%
Mexico Puebla
44%
Canada Winnipeg
44%
No matching quizzes found
Score Distribution
Percent of People with Each Score
Percentile by Number Answered
Your Score History
You have not taken this quiz